[Event "ch-European Rapid 2013"]
[Site "Warsaw POL"]
[Date "2013.12.14"]
[Round "1.27"]
[White "Fukowski, Pawel"]
[Black "Mista, Aleksander"]
[Result "0-1"]
[BlackTitle "GM"]
[WhiteElo "1674"]
[BlackElo "2583"]
[WhiteFideId "1149164"]
[BlackFideId "1110381"]
[EventDate "2013.12.14"]
[EventType "swiss"]

1. d4 Nf6 2. Bg5 e6 3. Nf3 d5 4. e3 Be7 5. Nbd2 h6 6. Bh4 O-O 7. Bd3 c5 8. dxc5
Bxc5 9. O-O Nc6 10. e4 dxe4 11. Nxe4 Be7 12. Qe2 Nxe4 13. Bxe7 Nc3 14. Bxd8
Nxe2+ 15. Bxe2 Rxd8 16. Rfd1 Bd7 17. c3 Kf8 18. Rd2 Ke7 19. Rad1 e5 20. Bc4 f6
21. Nh4 Be6 22. Rxd8 Rxd8 23. Rxd8 Nxd8 24. Bxe6 Kxe6 25. g4 Nf7 26. f3 Nd6 27.
Kf2 g5 28. Ng2 f5 29. Ne3 f4 30. Nc2 e4 31. Nd4+ Ke5 32. Ke2 Nc4 33. b3 Nd6 34.
h3 a6 35. a4 Kd5 36. Nc2 a5 37. Nd4 exf3+ 38. Kxf3 Ne4 39. Nf5 Nd2+ 40. Ke2 Nxb3
41. Nxh6 b5 42. axb5 a4 43. b6 Kc6 44. Kd3 a3 45. Kc2 a2 46. Kxb3 a1=Q 47. Kc4
Qf1+ 48. Kd4 f3 0-1

[Event "ch-European Rapid 2013"]
[Site "Warsaw POL"]
[Date "2013.12.14"]
[Round "1.28"]
[White "Dziuba, Marcin"]
[Black "Ziedinsh, Roberts"]
[Result "1-0"]
[WhiteTitle "GM"]
[WhiteElo "2576"]
[BlackElo "1778"]
[WhiteFideId "1112953"]
[BlackFideId "11604760"]
[EventDate "2013.12.14"]
[EventType "swiss"]

1. d4 Nf6 2. c4 c5 3. d5 e6 4. Nc3 exd5 5. cxd5 d6 6. Nf3 g6 7. Bf4 Bg7 8. Qa4+
Bd7 9. Qb3 Qc7 10. e4 O-O 11. Be2 Re8 12. Nd2 a6 13. a4 Ng4 14. O-O Ne5 15. Bg3
Bg4 16. f3 Bc8 17. h3 f5 18. f4 Nf7 19. Rae1 Bxc3 20. Qxc3 fxe4 21. Bg4 Bxg4 22.
Nxe4 Rxe4 23. Rxe4 Bd7 24. f5 Ne5 25. Bxe5 dxe5 26. fxg6 hxg6 27. Rxe5 Bf5 28.
Re8+ Kf7 29. Qh8 Nd7 30. Qg8+ Kf6 31. Re6+ Kg5 32. Rxf5+ Kh4 33. Qh7+ 1-0

[Event "ch-European Rapid 2013"]
[Site "Warsaw POL"]
[Date "2013.12.14"]
[Round "1.29"]
[White "Yulgushev, Artur"]
[Black "Kulaots, Kaido"]
[Result "0-1"]
[BlackTitle "GM"]
[WhiteElo "1738"]
[BlackElo "2558"]
[WhiteFideId "34101974"]
[BlackFideId "4500261"]
[EventDate "2013.12.14"]
[EventType "swiss"]

1. e4 c5 2. Nf3 e6 3. d4 cxd4 4. Nxd4 a6 5. Nc3 b5 6. a3 Bb7 7. Be2 d6 8. O-O
Nf6 9. f3 Be7 10. Be3 Nbd7 11. Qd2 O-O 12. a4 b4 13. Na2 a5 14. c3 bxc3 15. Nxc3
Qb8 16. Rac1 Nc5 17. Qd1 Rd8 18. Bb5 d5 19. exd5 Nxd5 20. Nxd5 Rxd5 21. Qe2 Qd6
22. Rfd1 Rd8 23. Bc4 Ba6 24. Bxa6 Qxa6 25. Qxa6 Nxa6 26. Rd2 Bc5 27. Kf2 e5 28.
Nb3 Rxd2+ 0-1

[Event "ch-European Rapid 2013"]
[Site "Warsaw POL"]
[Date "2013.12.14"]
[Round "1.30"]
[White "Gritsak, Orest"]
[Black "Filewicz, Przemyslaw"]
[Result "1-0"]
[WhiteTitle "GM"]
[WhiteElo "2516"]
[BlackElo "1882"]
[WhiteFideId "14102188"]
[BlackFideId "1175513"]
[EventDate "2013.12.14"]
[EventType "swiss"]

1. Nf3 Nf6 2. c4 g6 3. Nc3 Bg7 4. g3 O-O 5. Bg2 d6 6. O-O e5 7. d3 Nc6 8. b3 h6
9. Bb2 Be6 10. d4 Nxd4 11. Nxd4 exd4 12. Qxd4 Nd5 13. Qd2 Nxc3 14. Bxc3 Bxc3 15.
Qxc3 Rb8 16. Qe3 Kh7 17. Qxa7 c6 18. Rfd1 Qc7 19. Qd4 Rbd8 20. Qf6 Rfe8 21. e3
Bg4 22. Rd2 Re6 23. Qf4 f5 24. h3 Bh5 25. g4 Qa5 26. Rad1 g5 27. Qxf5+ Qxf5 28.
gxf5 Rf6 29. Rc1 Kg7 30. e4 Rff8 31. Rc3 Kf6 32. Rcd3 Ke5 33. c5 Rf6 34. Kh2 Bf7
35. Kg3 h5 36. Rxd6 h4+ 37. Kg4 Rfxd6 38. cxd6 Rh8 39. d7 Kf6 40. d8=Q+ 1-0

[Event "ch-European Rapid 2013"]
[Site "Warsaw POL"]
[Date "2013.12.14"]
[Round "1.31"]
[White "Chylewski, Patryk"]
[Black "Tregubov, Pavel V."]
[Result "0-1"]
[BlackTitle "GM"]
[WhiteElo "1700"]
[BlackElo "2625"]
[WhiteFideId "1186191"]
[BlackFideId "4115341"]
[EventDate "2013.12.14"]
[EventType "swiss"]

1. d4 Nf6 2. c4 c5 3. d5 b5 4. cxb5 a6 5. e3 g6 6. Nc3 Bg7 7. Nf3 O-O 8. e4 d6
9. bxa6 e6 10. Be2 exd5 11. exd5 Nxa6 12. O-O Bf5 13. Nh4 Bd7 14. Nf3 Re8 15.
Re1 Nb4 16. Bg5 Bf5 17. Nh4 Bd7 18. a3 Na6 19. Nf3 h6 20. Bf4 Qb6 21. Rb1 Nc7
22. Bc4 Bf5 23. Rc1 Nh5 24. Bd2 Qxb2 25. a4 Qb7 26. h3 Nf6 27. Bf4 Qb4 28. Bxd6
Rxe1+ 29. Qxe1 Nce8 30. Nb5 Qxe1+ 31. Nxe1 Ne4 32. Nc7 N4xd6 33. Nxa8 Bb2 34.
Rd1 Nxc4 35. a5 Nxa5 36. d6 Nf6 37. Nb6 Nd7 38. Nxd7 Bxd7 39. Rb1 Be5 40. Rb8+
Kg7 41. Rd8 Be6 42. Nd3 Nc6 43. Ra8 c4 44. Nc5 Bd5 45. d7 Bf6 46. Nb7 c3 47.
d8=Q Nxd8 48. Nxd8 Bxa8 0-1

[Event "ch-European Rapid 2013"]
[Site "Warsaw POL"]
[Date "2013.12.14"]
[Round "1.32"]
[White "Plat, Vojtech"]
[Black "Golenia, Wojciech"]
[Result "1-0"]
[WhiteTitle "IM"]
[WhiteElo "2470"]
[BlackElo "1495"]
[WhiteFideId "325740"]
[BlackFideId "1175300"]
[EventDate "2013.12.14"]
[EventType "swiss"]

1. e4 d5 2. exd5 Qxd5 3. Nf3 Bg4 4. Be2 Nc6 5. d4 e6 6. c4 Qd6 7. Nc3 Nf6 8. d5
exd5 9. cxd5 Nxd5 10. Qxd5 Qxd5 11. Nxd5 O-O-O 12. Nc3 Nb4 13. O-O Nc2 14. Rb1
Bf5 15. Bf4 Nd4 16. Nxd4 Bxb1 17. Ndb5 Bd3 18. Bxd3 Rxd3 19. Nxa7+ Kd7 20. Be3
c6 21. Ne4 f5 22. Ng5 Be7 23. Nf7 Rxe3 24. fxe3 Ra8 25. Ne5+ Ke6 26. Naxc6 bxc6
27. Nxc6 Rxa2 28. Nd4+ Kf7 29. Rxf5+ Kg8 30. Rb5 Bg5 31. Rxg5 h6 32. Rb5 Kh7 33.
Rb6 Ra1+ 34. Kf2 Rc1 35. Nf5 Rc7 36. Ke2 Rc2+ 37. Kf3 Rc5 38. g4 h5 39. h3 hxg4+
40. hxg4 Rc7 41. b4 Rc4 42. Rb7 Kg6 43. Rxg7+ Kf6 44. Rb7 Ke6 45. Nd4+ Kd5 46.
Kf4 Rc1 47. Rd7+ Kc4 48. Rc7+ Kxb4 49. Rxc1 Ka5 50. Rb1 Ka4 51. g5 Ka5 52. g6
Ka4 53. g7 Ka5 54. g8=Q Ka4 55. Qa8# 1-0

[Event "ch-European Rapid 2013"]
[Site "Warsaw POL"]
[Date "2013.12.14"]
[Round "1.33"]
[White "Vdovenko, Volodymyr"]
[Black "Maiorov, Nikita1"]
[Result "0-1"]
[BlackTitle "GM"]
[WhiteElo "1734"]
[BlackElo "2552"]
[WhiteFideId "14110938"]
[BlackFideId "13501720"]
[EventDate "2013.12.14"]
[EventType "swiss"]

1. Nf3 Nf6 2. g3 d5 3. Bg2 c6 4. d3 Bg4 5. Nbd2 e6 6. O-O Be7 7. Re1 O-O 8. Ne5
Bh5 9. f4 Nbd7 10. Ndf3 Bc5+ 11. d4 Bb6 12. c3 Ne8 13. h3 f6 14. Ng4 Nd6 15. Nf2
f5 16. Kh2 Ne4 17. Be3 Kh8 18. Nxe4 dxe4 19. Ng5 Qe7 20. h4 Nf6 21. Qd2 Rad8 22.
Nh3 Ng4+ 23. Kh1 c5 24. Rad1 Nxe3 25. Qxe3 cxd4 26. cxd4 Qb4 27. Qb3 Qxb3 28.
axb3 Bxd4 29. Ng5 Rfe8 30. Rc1 h6 31. Nh3 Rc8 32. Rc4 Bxb2 33. Bf1 Rxc4 34. bxc4
Rd8 35. Nf2 Rd2 36. Nd1 Bd4 37. Bg2 Bxe2 0-1

[Event "ch-European Rapid 2013"]
[Site "Warsaw POL"]
[Date "2013.12.14"]
[Round "1.34"]
[White "Grigoryan, Karen H."]
[Black "Sawicki, Wojciech"]
[Result "1-0"]
[WhiteTitle "GM"]
[WhiteElo "2604"]
[BlackElo "1845"]
[WhiteFideId "13301004"]
[BlackFideId "1185551"]
[EventDate "2013.12.14"]
[EventType "swiss"]

1. e4 e5 2. Nf3 Nc6 3. Bb5 a6 4. Ba4 Nf6 5. O-O Be7 6. d3 b5 7. Bb3 O-O 8. a4 b4
9. a5 d6 10. Nbd2 Be6 11. c3 d5 12. Ba4 Nxa5 13. Nxe5 bxc3 14. bxc3 dxe4 15.
dxe4 Bd6 16. Nef3 Bc5 17. Qe2 Qe7 18. Bc2 Bb6 19. Nd4 Bd7 20. e5 Nd5 21. Qe4 g6
22. Qxd5 c6 23. Qxa5 Bxa5 24. Rxa5 c5 25. N4f3 Bb5 26. c4 Qc7 27. Ra1 Bc6 28.
Ne4 Qb7 29. Re1 Rfe8 30. Nf6+ Kg7 31. Nxe8+ Rxe8 32. Ra3 Qb4 33. Kf1 Bxf3 34.
Rxf3 Qxc4+ 35. Bd3 Qe6 36. Rf4 Re7 37. Bc4 Qb6 38. Rfe4 a5 39. Bg5 Rc7 40. Bf6+
Kf8 41. Rd1 Rc8 42. Rf4 Qc7 43. Bg5 Re8 44. Bxf7 Qxf7 45. Rd7 Qxf4 46. Bxf4 Rc8
47. e6 c4 48. Bd6+ Kg8 49. Ke2 c3 50. e7 Re8 51. f4 Kf7 52. g4 Ke6 53. Rd8 Kf7
54. f5 h5 55. g5 1-0

[Event "ch-European Rapid 2013"]
[Site "Warsaw POL"]
[Date "2013.12.14"]
[Round "1.35"]
[White "Jarmolowski, Tadeusz"]
[Black "Stupak, Kirill"]
[Result "0-1"]
[BlackTitle "GM"]
[WhiteElo "1695"]
[BlackElo "2505"]
[WhiteFideId "1131176"]
[BlackFideId "13503758"]
[EventDate "2013.12.14"]
[EventType "swiss"]

1. e4 c6 2. Nc3 d5 3. Nf3 Bg4 4. h3 Bh5 5. d3 e6 6. Be2 Nf6 7. e5 Nfd7 8. d4 c5
9. Be3 Bxf3 10. Bxf3 cxd4 11. Bxd4 Nc6 12. O-O Nxd4 13. Qxd4 Qb6 14. Qxb6 Nxb6
15. Nb5 Kd7 16. b3 a6 17. Nd4 Bc5 18. Rfd1 Ke7 19. c4 Bxd4 20. Rxd4 dxc4 21.
Bxb7 Ra7 22. Be4 c3 23. Rc1 Rc7 24. Kf1 h6 25. Ke2 g5 26. g3 Rg8 27. Kd3 Rgc8
28. Rb4 Nd7 29. f4 gxf4 30. gxf4 Rg8 31. Rc4 Rg3+ 32. Kd4 Rxc4+ 33. Kxc4 Rxh3
34. Rxc3 Rh4 35. Rf3 Nxe5+ 36. Kd4 0-1

[Event "ch-European Rapid 2013"]
[Site "Warsaw POL"]
[Date "2013.12.14"]
[Round "1.36"]
[White "Olszewski, Michal"]
[Black "Burakowska, Gabriela"]
[Result "1-0"]
[WhiteTitle "GM"]
[WhiteElo "2551"]
[BlackElo "1740"]
[WhiteFideId "1121251"]
[BlackFideId "1161180"]
[EventDate "2013.12.14"]
[EventType "swiss"]

1. Nf3 d5 2. c4 e6 3. e3 Nf6 4. Nc3 c5 5. cxd5 exd5 6. d4 Nc6 7. Be2 Bg4 8. O-O
Be7 9. dxc5 Bxc5 10. b3 O-O 11. Bb2 Qd7 12. Rc1 Bb6 13. Na4 Ne4 14. b4 Bxf3 15.
Bxf3 Qe6 16. Nxb6 axb6 17. a3 f6 18. Qb3 Rfe8 19. Rfd1 Rad8 20. Rd3 Rd7 21. Rcd1
Red8 22. g3 Qf5 23. Bxe4 Qxe4 24. Bd4 Ne5 25. Bxe5 fxe5 26. R3d2 Kh8 27. Qa4 d4
28. Qb5 Rd6 29. exd4 exd4 30. Re2 Qc6 31. Qd3 h6 32. Rde1 Rf6 33. Rc2 Qd7 34.
Rce2 Qc6 35. f4 Rfd6 36. Re7 Rf8 37. b5 Qd5 38. R1e5 Qa2 39. Rxb7 Rc8 40. Re1
Rdd8 41. Qg6 Rg8 42. Qd3 Rgd8 43. Rbe7 Qd5 44. R7e5 Qa2 45. R1e2 Rc1+ 46. Kg2
Qg8 47. R2e4 Rc5 48. Rxd4 Rxd4 49. Qxd4 Rxe5 50. fxe5 1-0

[Event "ch-European Rapid 2013"]
[Site "Warsaw POL"]
[Date "2013.12.14"]
[Round "1.38"]
[White "Dourerassou, Jonathan"]
[Black "Luscenkovs, Artjoms"]
[Result "1-0"]
[WhiteTitle "IM"]
[WhiteElo "2485"]
[BlackElo "1757"]
[WhiteFideId "628050"]
[BlackFideId "11606118"]
[EventDate "2013.12.14"]
[EventType "swiss"]

1. e4 c5 2. Nc3 e6 3. Nf3 a6 4. g3 Nc6 5. Bg2 Qc7 6. O-O Nf6 7. d4 cxd4 8. Nxd4
Be7 9. Be3 O-O 10. h3 Rd8 11. Qe2 d6 12. Rad1 Rb8 13. g4 Nxd4 14. Bxd4 b5 15. e5
Ne8 16. f4 Bb7 17. Ne4 Bxe4 18. Bxe4 Qc4 19. Qf2 Qc7 20. Rd3 b4 21. Kh1 a5 22.
Rfd1 d5 23. Bg2 Rdc8 24. R1d2 Bc5 25. f5 Bxd4 26. Qxd4 exf5 27. gxf5 Qd7 28.
Bxd5 Qxf5 29. Rf3 Qg5 30. Rxf7 Kh8 31. Rf8# 1-0

[Event "ch-European Rapid 2013"]
[Site "Warsaw POL"]
[Date "2013.12.14"]
[Round "1.40"]
[White "Leniart, Arkadiusz"]
[Black "Major, Katarzyna"]
[Result "1-0"]
[WhiteTitle "IM"]
[WhiteElo "2472"]
[BlackElo "1704"]
[WhiteFideId "1124226"]
[BlackFideId "1179373"]
[EventDate "2013.12.14"]
[EventType "swiss"]

1. e4 Nf6 2. e5 Nd5 3. c4 Nb6 4. d4 Nc6 5. Nc3 d6 6. exd6 exd6 7. Nf3 Bf5 8. Be3
Be7 9. Be2 O-O 10. O-O Bf6 11. d5 Ne5 12. Nd4 Bg6 13. b3 c5 14. dxc6 Nxc6 15.
Bf3 Qd7 16. Qd2 Rad8 17. Ndb5 Nc8 18. Rad1 N8e7 19. Nxa7 Nf5 20. Nd5 Bd4 21.
Nxc6 Bxe3 22. Nce7+ Nxe7 23. Qxe3 Nxd5 24. Rxd5 Rfe8 25. Qd4 Qe7 26. g3 Rd7 27.
h4 f6 28. Qd2 Bf7 29. Rd4 Qe5 30. Rd1 Red8 31. Bd5 Bxd5 32. Rxd5 Qe6 33. c5 Kf7
34. Rxd6 Rxd6 35. cxd6 Rd7 36. Qd3 Qe5 37. a4 Qc5 38. b4 Qxb4 39. Qd5+ Kf8 40.
Rc1 Qxd6 41. Rc8+ Ke7 42. Qg8 Qd1+ 43. Kh2 Rd8 44. Qxg7+ Ke6 45. Qxb7 Qd2 46.
Rc6+ Rd6 47. Qc8+ Ke5 48. Rc5+ Rd5 49. Qe8+ Kf5 50. Rxd5+ Qxd5 51. Qh5+ Ke6 52.
Qxd5+ Kxd5 53. g4 Kc4 54. g5 Kd5 1-0

[Event "ch-European Rapid 2013"]
[Site "Warsaw POL"]
[Date "2013.12.14"]
[Round "1.41"]
[White "Kokoszczynski, Jan"]
[Black "Dragun, Kamil"]
[Result "0-1"]
[BlackTitle "GM"]
[WhiteElo "1726"]
[BlackElo "2530"]
[WhiteFideId "1174460"]
[BlackFideId "1134167"]
[EventDate "2013.12.14"]
[EventType "swiss"]

1. d4 Nf6 2. c4 e6 3. Nc3 Bb4 4. f3 d5 5. a3 Bxc3+ 6. bxc3 O-O 7. Bg5 h6 8. Bh4
c5 9. e3 Nc6 10. Bd3 dxc4 11. Bxc4 Qa5 12. Ne2 Nd5 13. Bxd5 exd5 14. O-O Re8 15.
Bf2 b6 16. Re1 Ba6 17. Nf4 cxd4 18. cxd4 Ne7 19. Nd3 Rac8 20. Nb4 Bc4 21. e4 Qb5
22. exd5 Bxd5 23. Nd3 Nf5 24. a4 Qd7 25. Rxe8+ Rxe8 26. Ne5 Qe6 27. Rc1 Rc8 28.
Rxc8+ Qxc8 29. Qb1 Nd6 30. h3 Qc3 31. Qe1 Qa3 32. Qd1 Bb3 33. Qd2 Qxa4 34. Qf4
Qe8 35. h4 a5 36. Nd3 Qe6 37. Qc1 Qc4 38. Qe3 a4 39. Ne5 Qd5 40. Qc1 Qe6 41. Qa3
Nf5 42. Qb4 Qd6 43. Qc3 Be6 44. g4 Ne7 45. Bg3 a3 46. Kh2 a2 47. Ng6 Qd7 48.
Nxe7+ Qxe7 49. h5 Qa7 50. Qa1 Bd5 51. Kg2 Qa3 0-1

[Event "ch-European Rapid 2013"]
[Site "Warsaw POL"]
[Date "2013.12.14"]
[Round "1.44"]
[White "Kanarek, Marcel"]
[Black "Bajek, Marek"]
[Result "1-0"]
[WhiteTitle "IM"]
[WhiteElo "2473"]
[BlackElo "1693"]
[WhiteFideId "1126822"]
[BlackFideId "1176811"]
[EventDate "2013.12.14"]
[EventType "swiss"]

1. e4 c5 2. Nf3 e6 3. d4 cxd4 4. Nxd4 a6 5. Bd3 b5 6. O-O Bb7 7. a4 bxa4 8. Rxa4
d6 9. Qe2 Nf6 10. Nd2 Be7 11. N2b3 O-O 12. Na5 Qd7 13. b3 Rc8 14. Bb2 Rc5 15.
Nxb7 Qxb7 16. Rfa1 Qc7 17. b4 Rg5 18. f4 Rh5 19. Nb5 axb5 20. Rxa8 Qb6+ 21. Qf2
Qxf2+ 22. Kxf2 Nd7 23. R1a7 1-0

[Event "ch-European Rapid 2013"]
[Site "Warsaw POL"]
[Date "2013.12.14"]
[Round "1.45"]
[White "Izmailov, Viktor"]
[Black "Socko, Monika"]
[Result "0-1"]
[BlackTitle "GM"]
[WhiteElo "1703"]
[BlackElo "2440"]
[WhiteFideId "14124793"]
[BlackFideId "1106619"]
[EventDate "2013.12.14"]
[EventType "swiss"]

1. e4 e6 2. Nf3 c5 3. Nc3 a6 4. d3 d5 5. exd5 exd5 6. Qe2+ Be7 7. Bg5 Nc6 8.
Bxe7 Ngxe7 9. Ne5 O-O 10. Nxc6 Nxc6 11. O-O-O Be6 12. Qd2 Qa5 13. a3 b5 14. Nb1
b4 15. b3 Rfd8 16. a4 c4 17. d4 Rac8 18. bxc4 dxc4 19. c3 Qxa4 20. Qc2 Qb5 21.
Nd2 bxc3 22. Qxc3 Nxd4 23. Qb2 Nb3+ 24. Nxb3 cxb3+ 0-1

[Event "ch-European Rapid 2013"]
[Site "Warsaw POL"]
[Date "2013.12.14"]
[Round "1.46"]
[White "Duda, Jan-Krzysztof"]
[Black "Stsepkina, Katsiaryna"]
[Result "1-0"]
[WhiteTitle "GM"]
[WhiteElo "2557"]
[BlackElo "1744"]
[WhiteFideId "1170546"]
[BlackFideId "13507575"]
[EventDate "2013.12.14"]
[EventType "swiss"]

1. e4 c5 2. Nf3 Nc6 3. Bb5 g6 4. O-O Bg7 5. c3 Nf6 6. Re1 O-O 7. h3 Qc7 8. d3 a6
9. Ba4 b5 10. Bc2 d6 11. Be3 Na5 12. Nbd2 Bb7 13. Rc1 Qd7 14. a3 Rac8 15. b4
cxb4 16. axb4 Nc6 17. Nb3 Nxe4 18. dxe4 Bxc3 19. Bd2 Nxb4 20. Bb1 Bxd2 21. Qxd2
Nc6 22. Nc5 Qc7 23. Qh6 f6 24. Ba2+ Kh8 25. Ne6 1-0

[Event "ch-European Rapid 2013"]
[Site "Warsaw POL"]
[Date "2013.12.14"]
[Round "1.47"]
[White "Szczurek, Krzysztof"]
[Black "Fargere, Francois"]
[Result "1-0"]
[BlackTitle "GM"]
[WhiteElo "1749"]
[BlackElo "2446"]
[WhiteFideId "1185489"]
[BlackFideId "615935"]
[EventDate "2013.12.14"]
[EventType "swiss"]

1. e4 e6 2. d4 d5 3. exd5 exd5 4. c4 Nf6 5. Nf3 Bb4+ 6. Nc3 O-O 7. Be2 dxc4 8.
Bxc4 Qe7+ 9. Be2 Re8 10. a3 Bxc3+ 11. bxc3 Ne4 12. Bb2 Nd6 13. Ne5 f6 14. Nd3
Nc6 15. Nf4 Bg4 16. f3 Bd7 17. Bc1 Nf7 18. Nd5 Qd8 19. O-O Bf5 20. Ne3 Bg6 21.
Bc4 Kh8 22. f4 Nd6 23. Ba2 Qd7 24. d5 Ne7 25. c4 Nef5 26. Nxf5 Bxf5 27. Bb2 b6
28. Qd4 Re4 29. Qc3 Rae8 30. Rae1 Qe7 31. Rxe4 Qxe4 32. Bb1 Qe2 33. Bxf5 Nxf5
34. Bc1 Nd6 35. c5 Ne4 36. Qb4 Nxc5 37. Bd2 a5 38. Qd4 Nb3 39. Qa4 Nxd2 1-0

[Event "ch-European Rapid 2013"]
[Site "Warsaw POL"]
[Date "2013.12.14"]
[Round "1.49"]
[White "Jaskiewicz, Kamila"]
[Black "Kuzmicz, Krystian"]
[Result "0-1"]
[BlackTitle "IM"]
[WhiteElo "1693"]
[BlackElo "2451"]
[WhiteFideId "1149334"]
[BlackFideId "1119125"]
[EventDate "2013.12.14"]
[EventType "swiss"]

1. Nf3 g6 2. d4 Bg7 3. g3 c5 4. Bg2 cxd4 5. Nxd4 Nc6 6. c3 Nf6 7. O-O O-O 8. Nd2
d5 9. Nxc6 bxc6 10. e4 e6 11. Qc2 a5 12. b3 a4 13. b4 Qb6 14. h3 Rd8 15. a3 Ba6
16. Re1 Nh5 17. Nf1 Bc4 18. Be3 Qb5 19. Nd2 Bd3 20. Qc1 Nf6 21. e5 Nd7 22. f4
Rac8 23. Qd1 c5 24. Rc1 Bf8 25. Nf3 d4 26. cxd4 cxb4 27. axb4 Bxb4 28. Nd2 Ba3
29. Rxc8 Rxc8 30. Qa1 Bb2 31. Qd1 a3 32. Qb3 Qxb3 33. Nxb3 Rb8 34. Na1 a2 0-1

[Event "ch-European Rapid 2013"]
[Site "Warsaw POL"]
[Date "2013.12.14"]
[Round "1.50"]
[White "Zwardon, Vojtech"]
[Black "Burkevica, Ilze"]
[Result "1-0"]
[WhiteTitle "IM"]
[WhiteElo "2383"]
[BlackElo "1794"]
[WhiteFideId "325511"]
[BlackFideId "11605642"]
[EventDate "2013.12.14"]
[EventType "swiss"]

1. c4 d5 2. cxd5 Qxd5 3. Nc3 Qd8 4. g3 c6 5. Bg2 Nf6 6. Nf3 Bg4 7. Ne5 Bf5 8.
Qb3 e6 9. Qxb7 Nbd7 10. Bxc6 Rb8 11. Qxa7 Bd6 12. Nxd7 Nxd7 13. Nb5 Ke7 14. d4
Bb4+ 15. Nc3 Rc8 16. Bxd7 Qxd7 17. Qxd7+ Kxd7 18. Bd2 Rc4 19. a3 Ba5 20. e3 Rb8
21. b4 Bc7 22. Ke2 Ra8 23. Rhc1 Bd6 24. e4 Bg6 25. Kd3 Rc6 26. b5 Rb6 27. a4 Bb4
28. f3 f5 29. Nb1 Be7 30. Bc3 fxe4+ 31. fxe4 Bf6 32. Nd2 Rd6 33. Nc4 1-0

[Event "ch-European Rapid 2013"]
[Site "Warsaw POL"]
[Date "2013.12.14"]
[Round "2.1"]
[White "Malakhov, Vladimir"]
[Black "Kurpiewski, Slawomir"]
[Result "1-0"]
[WhiteTitle "GM"]
[WhiteElo "2716"]
[BlackElo "2096"]
[WhiteFideId "4120787"]
[BlackFideId "1114530"]
[EventDate "2013.12.14"]
[EventType "swiss"]

1. e4 e5 2. Nf3 Nc6 3. Bc4 Nf6 4. d3 Bc5 5. c3 d6 6. Bb3 a6 7. O-O Ba7 8. Be3
Bxe3 9. fxe3 O-O 10. Nbd2 Na5 11. Bc2 c5 12. Qe2 Nc6 13. h3 b5 14. Rf2 b4 15.
Ba4 Qc7 16. Bxc6 Qxc6 17. c4 a5 18. Nh4 Ne8 19. Qh5 a4 20. Raf1 Ra7 21. g4 f6
22. Rf3 Qc7 23. Nf5 g6 24. Nh6+ Kh8 25. Qh4 g5 26. Qxg5 fxg5 27. Rxf8+ Kg7 28.
Rxe8 Kxh6 29. Rg8 Qe7 30. Rxc8 Rc7 31. Rg8 Qe6 32. Ra8 a3 33. b3 Rf7 34. Rf5 Qd7
35. Ra6 Rxf5 36. exf5 Kg7 37. Ne4 d5 38. Rd6 Qc7 39. Rxd5 h6 40. Nxc5 Qb8 41.
Rd7+ Kg8 42. Ne4 Qb6 43. Kf2 Qc6 44. Rd6 Qc7 45. Rxh6 Qd8 46. Ke2 Kg7 47. Rg6+
Kf7 48. Nxg5+ Ke7 49. Rg7+ Kf6 50. h4 e4 51. d4 Qc7 52. Rf7+ 1-0

[Event "ch-European Rapid 2013"]
[Site "Warsaw POL"]
[Date "2013.12.14"]
[Round "2.2"]
[White "Andreeva, Yulia"]
[Black "Korobov, Anton"]
[Result "0-1"]
[BlackTitle "GM"]
[WhiteElo "1941"]
[BlackElo "2713"]
[WhiteFideId "4108302"]
[BlackFideId "14105730"]
[EventDate "2013.12.14"]
[EventType "swiss"]

1. d4 Nf6 2. c4 e6 3. Nc3 Bb4 4. e3 c5 5. Ne2 b6 6. a3 Ba5 7. Bd2 O-O 8. Na4
Bxd2+ 9. Qxd2 Bb7 10. Nec3 d6 11. f3 Nc6 12. Bd3 cxd4 13. exd4 Rc8 14. b4 Nxd4
15. Bxh7+ Nxh7 16. Qxd4 e5 17. Qf2 Rxc4 18. O-O Ng5 19. Qe3 Qf6 20. Nb2 Rh4 21.
Qe1 Qh6 22. Qg3 f5 23. Nc4 Rxc4 24. Nb1 0-1

[Event "ch-European Rapid 2013"]
[Site "Warsaw POL"]
[Date "2013.12.14"]
[Round "2.3"]
[White "Dreev, Aleksey"]
[Black "Kossobudzki, Robert"]
[Result "1-0"]
[WhiteTitle "GM"]
[WhiteElo "2673"]
[BlackElo "2065"]
[WhiteFideId "4100107"]
[BlackFideId "1107887"]
[EventDate "2013.12.14"]
[EventType "swiss"]

1. d4 b5 2. e4 Bb7 3. Nd2 a6 4. b3 e6 5. Bb2 d6 6. Ngf3 Nd7 7. c4 b4 8. Bd3 c5
9. O-O Qc7 10. a3 bxa3 11. Rxa3 Ne7 12. Qa1 cxd4 13. Nxd4 e5 14. Nb5 Qb8 15. Nc3
g6 16. b4 Bh6 17. Nb3 O-O 18. Na5 Bd2 19. Rd1 Bxc3 20. Bxc3 Nc6 21. Nxb7 Qxb7
22. Bc2 Nxb4 23. Bb1 Nc5 24. Rxd6 f6 25. Qb2 a5 26. Qe2 Qc7 27. Rd2 Rad8 28. h4
Ne6 29. g3 Nd4 30. Bxd4 Rxd4 31. Rxd4 exd4 32. h5 Qc5 33. hxg6 hxg6 34. Qg4 Kg7
35. Qd7+ Rf7 36. Qa4 Qxc4 37. Kg2 Rc7 38. Qe8 Qc1 39. Rxa5 Qxb1 40. Ra8 f5 41.
Qf8+ Kh7 42. Qh8# 1-0

[Event "ch-European Rapid 2013"]
[Site "Warsaw POL"]
[Date "2013.12.14"]
[Round "2.4"]
[White "Tomczak, Mikolaj"]
[Black "Wojtaszek, Radoslaw"]
[Result "0-1"]
[BlackTitle "GM"]
[WhiteElo "2133"]
[BlackElo "2711"]
[WhiteFideId "1175114"]
[BlackFideId "1118358"]
[EventDate "2013.12.14"]
[EventType "swiss"]

1. e4 c6 2. d4 d5 3. Nd2 dxe4 4. Nxe4 Nd7 5. Nf3 Ngf6 6. Ng3 e6 7. Bd3 Be7 8.
O-O O-O 9. b3 b6 10. Bb2 Bb7 11. c4 c5 12. Re1 Re8 13. Qe2 cxd4 14. Nxd4 Bb4 15.
Red1 a6 16. Nc2 Be7 17. Be4 Qc7 18. Bxb7 Qxb7 19. Ne3 Rac8 20. Rac1 h6 21. h3
Rc7 22. Ng4 b5 23. cxb5 Rxc1 24. Rxc1 axb5 25. Nxf6+ Nxf6 26. a4 bxa4 27. Bxf6
Bxf6 28. bxa4 Ra8 29. Qb5 Qa7 30. Ne2 g6 31. g3 Kg7 32. Rc4 Rb8 33. Qc6 Qa5 34.
Nf4 Qe1+ 35. Kg2 Rb1 36. Nxe6+ Qxe6 37. Qxe6 fxe6 38. Rc7+ Kf8 39. a5 Ra1 40.
Ra7 Bd4 41. Rd7 Bc5 42. Rc7 Rxa5 0-1

[Event "ch-European Rapid 2013"]
[Site "Warsaw POL"]
[Date "2013.12.14"]
[Round "2.5"]
[White "Cheparinov, Ivan"]
[Black "Capitaine, Adrien"]
[Result "1-0"]
[WhiteTitle "GM"]
[WhiteElo "2672"]
[BlackElo "2063"]
[WhiteFideId "2905540"]
[BlackFideId "611468"]
[EventDate "2013.12.14"]
[EventType "swiss"]

1. d4 f5 2. c4 Nf6 3. Nc3 e6 4. e3 d6 5. Bd3 Nc6 6. Nge2 Be7 7. b4 O-O 8. b5 Nb8
9. a4 Qe8 10. Qc2 Nbd7 11. O-O b6 12. a5 a6 13. bxa6 Bxa6 14. axb6 Nxb6 15. Rxa6
Rxa6 16. c5 Ra5 17. cxb6 cxb6 18. Qb3 d5 19. Qxb6 Bd8 20. Qb3 Rf7 21. Bd2 Ra8
22. f3 Rfa7 23. Qb2 Qd7 24. Rb1 Bc7 25. g3 Ne8 26. Bb5 Qe7 27. Bc6 Rb8 28. Qxb8
Bxb8 29. Rxb8 Kf7 30. Bxe8+ Kf6 31. Nxd5+ exd5 32. Rb6+ Kg5 33. h4# 1-0